Erkenne den Youtuber - Statistiken

Allgemein
  • Dieses Quiz wurde 175 mal gespielt
  • Das Durchschnittsergebnis liegt bei 8 aus 17
Antwortstatistiken
Hint Antwort % Korrekt
Hallihallo meine Lieben BibisBeautyPalace
80%
YT Papa Gronkh
78%
Milch ist Gift Ungespielt
73%
der aller Echte ApoRED
69%
Paluten
69%
787, liege wie BastiGHG
56%
Kürbistumor GLP
56%
Schlumpf Rezo
51%
Wir haben uns getrennt - Bibi hat sich getrennt :( Julienco
47%
Wühlmaus, Knopfaugen, lange Nase Marcel Scorpion
47%
Alles eine Frage der Perspektive JulienBam
45%
xxxx-shop.de Luca
40%
Harry Potter Coldmirror
33%
Müze Dima
28%
Gamemaster um 3 Uhr nachts Rebekah Wing
19%
Sonntag 18 Uhr Sashka
17%
" ist jedes Video high" Tomatolix
8%
Keine übereinstimmenden Quizze gefunden
Verteilung der Resultate
Anzahl Personen mit jedem Resultat
Perzentil nach korrekt beantworteten Fragen
Ihre Resultats-Entwicklung
Sie haben dieses Quiz noch nicht gespielt